Welcome to the Holygrace Academy Library

Please use search bar below to get started

CHAINAYILE SINDRELLA (Record no. 4965)

MARC details
000 -LEADER
fixed length control field 00330nam a22001457a 4500
020 ## - INTERNATIONAL STANDARD BOOK NUMBER
ISBN 81-8423-155-5
082 ## - DEWEY DECIMAL CLASSIFICATION NUMBER
Classification number 894.812.3
Item number MAH/C
100 ## - MAIN ENTRY--AUTHOR NAME
Personal name MAH, ADALIN YEN
245 ## - TITLE STATEMENT
Title CHAINAYILE SINDRELLA
260 ## - PUBLICATION, DISTRIBUTION, ETC. (IMPRINT)
Place of publication GREEN BOOKS PRIVTE LIMITED
Name of publisher GREEN BOOKS
Year of publication 2009
300 ## - PHYSICAL DESCRIPTION
Number of Pages 167
520 ## - SUMMARY, ETC.
Summary, etc NOVEL
650 ## - SUBJECT ADDED ENTRY--TOPICAL TERM
Topical Term NOVEL
942 ## - ADDED ENTRY ELEMENTS (KOHA)
Koha item type Books
Holdings
Withdrawn status Lost status Collection code Home library Current library Shelving location Date acquired Source of acquisition Cost, normal purchase price Full call number Accession Number Koha item type
    Fiction Main Library Main Library SHELF-16- J- MALAYALAM NOVELS,FICTIONS 27/11/2012 Purchase 105.00 894.812.3 MAH/C 07256 Books